000 01457nam a2200361 a 4500
001 ebr10500924
003 CaPaEBR
006 m u
007 cr cn|||||||||
008 110601s2012 njuad s 001 0 eng d
010 _z 2011017548
020 _z9781118031964 (cloth)
020 _z9781118133132 (e-book)
040 _aCaPaEBR
_cCaPaEBR
035 _a(OCoLC)759191191
050 1 4 _aQA76.76.T48
_bM894 2012eb
082 0 4 _a005.1/4
_223
100 1 _aMyers, Glenford J.,
_d1946-
245 1 4 _aThe art of software testing
_h[electronic resource] /
_cGlenford J. Myers, Tom Badgett, Corey Sandler.
250 _a3rd ed.
260 _aHoboken, N.J. :
_bJohn Wiley & Sons,
_c2012.
300 _axi, 240 p. :
_bill.
500 _aIncludes index.
505 0 _aA self-assessment test -- The psychology and economics of software testing -- Program inspections, walkthroughs, and reviews -- Test-case design.
533 _aElectronic reproduction.
_bPalo Alto, Calif. :
_cebrary,
_d2011.
_nAvailable via World Wide Web.
_nAccess may be limited to ebrary affiliated libraries.
650 0 _aComputer software
_xTesting.
650 0 _aDebugging in computer science.
655 7 _aElectronic books.
_2local
700 1 _aSandler, Corey,
_d1950-
700 1 _aBadgett, Tom.
710 2 _aebrary, Inc.
856 4 0 _uhttp://site.ebrary.com/lib/rucke/Doc?id=10500924
_zAn electronic book accessible through the World Wide Web; click to view
999 _c131728
_d131728